Football - English Premier League - Last Place Teams - Statistics

General Stats
  • This quiz has been taken 526 times
    443 since last reset
  • The average score is 17 of 26
Answer Stats
Year Team % Correct
2008 Derby County
80%
2017 Sunderland
80%
2006 Sunderland
80%
2003 Sunderland
80%
2018 West Bromwich Albion
76%
2009 West Bromwich Albion
76%
2007 Watford
67%
2000 Watford
67%
2015 Queens Park Rangers
66%
2013 Queens Park Rangers
66%
2016 Aston Villa
65%
2010 Portsmouth
65%
2012 Wolverhampton Wanderers
64%
2004 Wolverhampton Wanderers
64%
1996 Bolton Wanderers
63%
1995 Ipswich Town
63%
2011 West Ham United
63%
2002 Leicester City
62%
2005 Southampton
60%
2014 Cardiff City
59%
1994 Swindon Town
58%
1998 Crystal Palace
57%
1999 Nottingham Forest
52%
1997 Nottingham Forest
52%
1993 Nottingham Forest
52%
2001 Bradford City
48%
No matching quizzes found
Score Distribution
Percent of People with Each Score
Percentile by Number Answered
Your Score History
You have not taken this quiz since the last reset